| 000 | 00586nam a2200193 a 4500 | ||
|---|---|---|---|
| 005 | 20240919064819.0 | ||
| 008 | 991125s1989 ag 000 0 spa u | ||
| 020 | _a9505822621 | ||
| 035 | _aUPN01000017744 | ||
| 049 | _aCG | ||
| 050 | 4 |
_aLB41 _bS3.8 |
|
| 111 | 2 |
_aSeminario una Educación para el Desarrollo _d(1987 : _cMadrid) |
|
| 245 | 1 | 4 |
_aUna educación para el desarrollo : _bla animación sociocultural. |
| 260 |
_aBuenos Aires : _bHvmanitas : _bICSA, _c1989. |
||
| 300 | _a81 p. | ||
| 440 | 0 | _aICSA-Hvmanitas | |
| 650 | 4 |
_aEducación _xAspectos sociales _95311 |
|
| 905 | _aLibro | ||
| 999 |
_c17744 _d17744 |
||